000 00551aam a22002411a 4500
001 YPZ8428
003 YPZ
005 20190403120136.0
008 060724|###########||||||b||||||||||spa|d
040 _cSIUNPA
044 _aSU
080 _a9304
100 _aMesherski I..
245 _aProblemas de mecánica teórica
_c / Petrov. F, trad
260 _aMoscú
_b : Mir
_c , 1974
300 _a559 p. :
_bil. ;
650 _aCINEMATICA
650 _aDINAMICA
650 _aMECANICA
650 _aFISICA
650 _aFISICA
942 _cBK
999 _c10620
_d10620